000 01494namaa22003731i 4500
003 EG-GICUC
005 20260205121602.0
008 260205s2001 ua ||||jr|||| 000 0 ara d
017 _a2000 / 11582
_bدار الكتب والوثائق القومية (مصر)
020 _a9773190308
040 _aEG-GiCUC
_bara
_cEG-GiCUC
_dEG-GiCUC
_erda
043 _af-ua---
082 0 4 _221
_a962
_bI733
092 0 4 _221
_a962
_bI733
099 _a962 I733
100 1 _aعيسى، عبد الرازق
_eمؤلف.
245 1 0 _aمصر وميلاد القرن العشرين صورة مصر عام 1900 /
_bدراسة تحليلية /
_cعبد الرازق عيسى، عبير حسن
250 _aالطبعة الاولى
264 _aالقاهرة (مصر) :
_bالعربى للنشر والتوزيع،
_c2001
300 _a407 صفحة ؛
_c24 سم
336 _2rdacontent
_atext
337 _2rdamedia
_aUnmediated
338 _2rdacarrier
_avolume
504 _aيشتمل على ارجاعات ببليوجرافية
541 _aد. جابر عصفور ؛
_bالقاهرة ؛
_cإهداء ؛
_d2024.
650 1 7 _2qrmak
651 1 _2qrmak
_aمصر
_xتاريخ
_yالعصر الحديث
651 1 _2qrmak
_aمصر
_xالاحوال السياسية
651 1 _2qrmak
_aمصر
_xالاحوال الاجتماعية
651 1 _2مصر
_xالاحوال الاقتصادية
700 1 _aحسن، عبير
_eمؤلف مشارك.
905 _aNermeen
942 _2ddc
_cBK
_e21
_n0
999 _c178209
_d178209